Hivos and support for gay/lesbian emancipation in the south: (Record no. 4891)

MARC details
000 -LEADER
fixed length control field 00486nam a2200145 4500
008 - FIXED-LENGTH DATA ELEMENTS--GENERAL INFORMATION
fixed length control field 240527b |||||||| |||| 00| 0 eng d
082 ## - DEWEY DECIMAL CLASSIFICATION NUMBER
Classification number 306.766
Item number HUM
942 ## - ADDED ENTRY ELEMENTS (KOHA)
Item Type Reports
110 ## - MAIN ENTRY--CORPORATE NAME
Corporate Name HIVOS
245 ## - TITLE STATEMENT
Title Hivos and support for gay/lesbian emancipation in the south:
Sub Title memorandum on the implementation of the policy document " human rights"
260 ## - PUBLICATION, DISTRIBUTION, ETC. (IMPRINT)
Place of Publication Den Haag:
Name of Publisher Hivos,
Date of Copyright 1999
300 ## - PHYSICAL DESCRIPTION
Extent 16 p.
650 ## - SUBJECT ADDED ENTRY--TOPICAL TERM
Topical Term HOMOSEXUALITY- rights
650 ## - SUBJECT ADDED ENTRY--TOPICAL TERM
Topical Term Non-governmental organizations-Human rights
Holdings
Withdrawn status Lost status Source of classification or shelving scheme Damaged status Not for loan Permanent location Current location Date acquired Total Checkouts Full call number Barcode Date last seen Price effective from Koha item type
    Dewey Decimal Classification     Resource center, Muslim Women's Research And Action Forum Resource center, Muslim Women's Research And Action Forum 2024-05-27   306.766 HUM RAF5252 2024-05-27 2024-05-27 Reports

Copyright © 2023 Muslim Women's Research and Action Forum (MWRAF), No 27/3, Anderson Road, Kalubowila, Dehiwela. Funded by The Asia Fundation